Oscar Isaac Movies - Statistics

General Stats
  • This quiz has been taken 13 times
  • The average score is 15 of 46
Answer Stats
Hint Answer % Correct
2014 Ex Machina
77%
2015 Star Wars: The Force Awakens
77%
2017 Star Wars: The Last Jedi
77%
2019 Star Wars: The Rise of Skywalker
69%
2016 X-Men: Apocalypse
69%
2021 Dune
62%
2011 Drive
46%
2013 Inside Llewyn Davis
46%
2010 Robin Hood
46%
2018 Spider-Man Into the Spider-Verse
46%
2021 The Card Counter
46%
2014 A Most Violent Year
38%
2013 In Secret
38%
2018 Operation Finale
38%
2019 The Addams Family
38%
2021 The Addams Family 2
38%
2019 Triple Frontier
38%
2011 10 Years
31%
2009 Agora
31%
2022 Big Gold Brick
31%
2008 Body of Lies
31%
2018 Life Itself
31%
2006 Pu-239
31%
2017 Suburbicon
31%
2016 The Promise
31%
2018 Annihilation
23%
2018 At Eternity's Gate
23%
2009 Balibo
23%
2015 Mojave
23%
2011 Sucker Punch
23%
2011 W.E.
23%
2002 All About the Benjamins
15%
2008 Che: Part One
15%
1996 Illtown
15%
TBD Metal Gear Solid
15%
2012 Revenge for Jolly!
15%
2022 Spider-Man Into the Spider-Verse 2
15%
2012 The Bourne Legacy
15%
2007 The Life Before Her Eyes
15%
2006 The Nativity Story
15%
2014 The Two Faces of January
15%
2012 Won't Back Down
15%
TBD Armageddon Time
8%
2012 For Greater Glory: The True Story of Cristiada
8%
2005 Lenny the Wonder Dog
8%
TBD Francis and the Godfather
0%
No matching quizzes found
Score Distribution
Percent of People with Each Score
Percentile by Number Answered
Your Score History
You have not taken this quiz